00430nam a2200133Ia 4500008004100000082001300041100001400054245003100068260003900099300001000138942001200148952012100160999001500281150201s2011 xx 000 0 und d a658bRAN aRenu Rana aFundamentals of management bS.K. Kataria & SONSaN.Delhic2011 a195p. 2ddccBK 00102ddc4070aFEbFEd2011-10-16iSGTUl1o658 RANpFE4274r2019-09-17 00:00:00s2019-09-17w2015-02-09yGF BOOKS c5380d5380